Loading...

Behind Closed Doors : domestic violence in India

Bibliographic Details
Main Author: Rinki Bhattacharya
Format: Printed Book
Published: New Delhi Sage 2004
LEADER 00394nam a22001097a 4500
999 |c 294915  |d 294915 
082 |a 362.82920954  |b RIN 
100 |a Rinki Bhattacharya 
245 |a Behind Closed Doors  |b : domestic violence in India 
260 |a New Delhi  |b Sage  |c 2004 
942 |c BK 
952 |0 0  |1 0  |4 0  |6 362_829209540000000_RIN  |7 0  |9 314041  |a PSY  |b PSY  |c GEN  |d 2020-07-16  |l 0  |o 362.82920954 RIN  |p PSY6936  |r 2020-07-16  |w 2020-07-16  |y BK